| 000 | 03588cam a2200409 i 4500 | ||
|---|---|---|---|
| 001 | 16914784 | ||
| 005 | 20251003115858.0 | ||
| 008 | 110811s2012 enka 001 0 eng d | ||
| 010 | _a 2011936390 | ||
| 020 |
_a9780500290286 _qpbk. |
||
| 035 | _a16914784 | ||
| 035 | _a(OCoLC)767564398 | ||
| 040 |
_aBTCTA _beng _cBTCTA _dBDX _dYDXCP _erda _dORX _dBWX _dVP@ _dIUL _dBOS _dJQM _dOMB _dBKX _dLMR _dJYJ _dSHH _dDLC |
||
| 041 | 0 |
_aeng _aegy |
|
| 042 | _alccopycat | ||
| 050 | 0 | 0 |
_aPJ1097 _b.M25 2012 |
| 082 | 0 | 4 |
_a493.111 _223 _bMAN |
| 100 | 1 |
_aManley, Bill, _eauthor. _9130851 |
|
| 245 | 1 | 0 |
_aEgyptian hieroglyphs for complete beginners : _bthe revolutionary new approach to reading the monuments / _cBill Manley. |
| 264 | 1 |
_aLondon : _bThames & Hudson, _c2012. |
|
| 300 |
_a160 pages : _billustrations ; _c26 cm |
||
| 336 |
_atext _btxt _2rdacontent |
||
| 337 |
_aunmediated _bn _2rdamedia |
||
| 338 |
_avolume _bnc _2rdacarrier |
||
| 500 | _a"New step-by-step method"--Cover. | ||
| 500 | _a"47 illustrations." | ||
| 500 | _aIncludes index. | ||
| 505 | 0 | _aInscriptions : Stela of Mereri (c.2200 BC) : Sound signs ; Direction of writing ; Vowels and pronunciation ; Determinatives ; How do we know how to read hieroglyphs? ; Signs writing 2 or 3 sounds ; Sound complements ; Unexpected writings ; What is transliteration? -- Another Stela of Mereri (c.2200 BC) : The offering formula ; 'a' and 'the' ; Even more unexpected writings ; Ideograms? ; What is Middle Egyptian? -- Stela of Minuser (c.2200 BC) : Word order -- Funerary stamp of Mermose (c.1350 BC) -- Inner coffin of Khnumhotep, son of Nebtu (c.1800 BC) : More about the offering formula ; Identity -- Stela of Dedu and Satsobk (c.1900 BC) : Feminine words ; Why food offerings? -- Stela of Ty (c.2200 BC) -- Stela of Intef and Nesumontju (c.1700 BC?) : Titles of Osiris -- Stela of Shenwy and Hedjret (c.1900 BC) : The dedication formula ; The family -- Coffin of Khnumhotep, son of Henib (c.1850 BC) -- Kings' names : Kings' Titularies -- Stela of Djet, from his tomb at Abydos (c.2950 BC) -- Stela of Raneb (c.2750 BC) ; Inscription of Khakaura Senusret III (c.1836-1818 BC) : Writing plurals -- Another inscription of Khakaura Senusret III (c.1836-1818 BC) -- Three inscriptions of Ramesses II (c.1279-1213 BC) -- Three stelae of Thutmose IV (c.1400-1390 BC) from the Great Sphinx : Epithets ; The king and the gods -- Inscriptions from a golden shrine of Tutankhamun (c.1332-1322 BC) -- The oldest texts and earliest hieroglyphs : How did writing begin in Egypt? -- Slate palette of King Narmer from the Temple of Horus (c.2950 BC) -- Ivory comb of King Djet from his tomb (c.2950 BC) -- Ivory label of King Den from his tomb (c.2900 BC) -- Putting it all together : two inscriptions -- Marriage inscription of Amenhotep III (c.1390 BC) : 'he is' or 'she is' -- Offering-chapel of Sarenput II at Aswan (c.1850) -- Epilogue -- List of kings' names -- List of gods -- List of hieroglyphic signs -- List of words in hieroglyphs. | |
| 520 | _aTeaches how to translate Egyptian hieroglyphs into English using a step-by-step procedure that includes the use of photographs and line drawings. | ||
| 650 | 0 |
_aEgyptian language _xWriting, Hieroglyphic. _9130852 |
|
| 650 | 0 |
_aEgyptian language _vTextbooks for foreign speakers _xEnglish. _9130853 |
|
| 650 | 0 |
_aEgyptian language _vSelf-instruction. _9130854 |
|
| 650 | 0 |
_aHieroglyphics. _9130855 |
|
| 906 |
_a7 _bcbc _ccopycat _d2 _eepcn _f20 _gy-gencatlg |
||
| 942 |
_2ddc _cBK |
||
| 999 |
_c615015 _d615015 |
||